[Event "Superliga team"]
[Site "?"]
[Date "2002.??.??"]
[Round "5"]
[White "Grunberg Mihai-Lucian"]
[Black "Ardelean George Catalin"]
[Result "0-1"]
[WhiteElo "2463"]
[BlackElo "2444"]
[PlyCount "80"]
[EventDate "2002.??.??"]
[Source "www.chesslib.no"]
[SourceDate "2004.05.04"]

1. f4 c5 2. Nf3 Nc6 3. g3 g6 4. Bg2 Bg7 5. d3 Nf6 6. O-O d6 7. e4 Bg4 8. h3 Bxf3 9. Qxf3 O-O 10. c3 Rc8 11. Be3 Nd7 12. Na3 b5 13. Rfc1 b4 14. Nc4 Nb6 15. Nxb6 Qxb6 16. Qf2 Rfd8 17. e5 bxc3 18. bxc3 dxe5 19. Bxc5 Qc7 20. f5 Rxd3 21. Be4 Rd7 22. Rd1 Na5 23. Rxd7 Qxd7 24. Bxa7 Rxc3 25. Rb1 Nc6 26. Be3 gxf5 27. Bxf5 e6 28. Bc2 f5 29. Ba4 Qd3 30. Rb3 Nd4 31. Rb8+ Kf7 32. Rb7+ Kg8 33. Rb8+ Kf7 34. Rb7+ Kf6 35. Bxd4 exd4 36. g4 Bh6 37. Qh4+ Bg5 38. Rf7+ Kxf7 39. Qxh7+ Kf8 40. Qh8+ Ke7 0-1

[Event "It"]
[Site "Dhaka (Bangladesh)"]
[Date "2007.06.02"]
[Round "8"]
[White "Girinath P D S (IND)"]
[Black "Nguyen Anh Dung (VIE)"]
[Result "0-1"]
[WhiteElo "2378"]
[BlackElo "2528"]
[PlyCount "84"]
[EventDate "2007.??.??"]
[Source "www.chesslib.no"]
[SourceDate "2004.05.04"]

1. f4 Nf6 2. Nf3 b6 3. g3 Bb7 4. Bg2 e6 5. O-O c5 6. d3 d5 7. e3 Nc6 8. Qe2 Be7 9. b3 O-O 10. Bb2 Rc8 11. c4 Re8 12. Ne5 Bf8 13. Nd2 Rc7 14. Rad1 Nxe5 15. fxe5 Nd7 16. Rf4 f6 17. exf6 Nxf6 18. Rdf1 e5 19. Rf5 d4 20. Bxb7 Rxb7 21. e4 Bd6 22. h4 Rf8 23. h5 g6 24. hxg6 hxg6 25. Rg5 Rg7 26. Kg2 Nh7 27. Rxf8+ Qxf8 28. Rg4 g5 29. Nf3 Qe8 30. Nh2 Nf6 31. Bc1 Nxg4 32. Nxg4 Qe6 33. Bd2 Be7 34. a4 Rh7 35. Qf3 Rf7 36. Qd1 Kg7 37. Qe2 Kg6 38. Qd1 Bd8 39. Qe2 Rf8 40. Qd1 Qf7 41. Bc1 Qh7 42. Kg1 Qh3 0-1

[Event "New Delhi"]
[Site "Delhi"]
[Date "1982.??.??"]
[Round "9"]
[White "Nasir Ali, Syed"]
[Black "Dorfman, Josif D"]
[Result "0-1"]
[WhiteElo "2375"]
[BlackElo "2530"]
[PlyCount "68"]
[EventDate "1982.??.??"]
[Source "ChessBase"]

1. f4 c5 2. Nf3 g6 3. g3 Bg7 4. Bg2 d5 5. c3 Nc6 6. d4 Qb6 7. e3 Nh6 8. Qb3 e6 9. O-O Nf5 10. g4 Nd6 11. Nbd2 h5 12. h3 Na5 13. Qc2 hxg4 14. hxg4 Bd7 15. Ne5 Bb5 16. Rf2 cxd4 17. exd4 Rc8 18. a4 Bd7 19. b4 Nc6 20. Qd3 Qc7 21. b5 Na5 22. Ba3 Nac4 23. Ndxc4 Nxc4 24. Nxg6 Rh6 25. Ne5 Nxe5 26. fxe5 Qxc3 27. Qd1 Rc4 28. Bb2 Qg3 29. Ra3 Rh1+ 30. Kxh1 Qxf2 31. Bc3 Bf8 32. Rb3 Bh6 33. Bf1 Bf4 34. Bg2 Qh4+ 0-1

[Event "FRA-ch Final stage"]
[Site "Besancon"]
[Date "1999.08.25"]
[Round "1.1"]
[White "Bricard, Emmanuel"]
[Black "Boudre, Jean Pierre"]
[Result "1-0"]
[WhiteElo "2506"]
[BlackElo "2397"]
[PlyCount "81"]
[EventDate "1999.08.23"]
[Source "ChessBase"]
[SourceDate "1999.12.01"]

1. f4 d6 2. Nf3 g6 3. e4 Bg7 4. Nc3 Nf6 5. Be2 O-O 6. O-O c5 7. d3 Nc6 8. Qe1 Bg4 9. Qh4 e6 10. Ng5 Bxe2 11. Nxe2 h6 12. Nf3 Nd7 13. Qg3 Re8 14. c3 d5 15. e5 Qb6 16. Qf2 Qa6 17. Rd1 Rac8 18. Be3 b6 19. Kh1 Qb7 20. Rac1 Ne7 21. d4 cxd4 22. Nexd4 Nc5 23. g4 Ne4 24. Qg2 Nc6 25. Rg1 Nxd4 26. Bxd4 Qd7 27. Rcf1 Rc6 28. Nd2 Nxd2 29. Qxd2 Kh7 30. Rg3 Rg8 31. Qd3 Qe7 32. f5 Qh4 33. Be3 Rc4 34. f6 Bf8 35. Rf4 Bc5 36. Bd2 Rxf4 37. Bxf4 Rc8 38. Bxh6 Kg8 39. Qd2 d4 40. Bg5 dxc3 41. bxc3 1-0

[Event "otb"]
[Site "otb"]
[Date "2007.03.19"]
[Round "1"]
[White "Rodriguez Andres"]
[Black "Needleman Alejandro"]
[Result "1-0"]
[WhiteElo "2543"]
[BlackElo "2357"]
[PlyCount "71"]
[Source "www.chesslib.no"]
[SourceDate "2004.05.04"]

1. f4 c5 2. Nf3 Nc6 3. d3 g6 4. g3 Bg7 5. Bg2 d6 6. O-O e5 7. e4 Nge7 8. c3 O-O 9. Be3 b6 10. Na3 d5 11. Nxe5 Nxe5 12. fxe5 Bxe5 13. Bh6 Bg7 14. Bxg7 Kxg7 15. d4 Be6 16. dxc5 bxc5 17. exd5 Bxd5 18. Bxd5 Qxd5 19. Qxd5 Nxd5 20. Nc4 Nb6 21. Nd6 Na4 22. Rf2 Rab8 23. Nc4 Rfe8 24. Rd1 Re6 25. Rd3 Nb6 26. Nd6 f5 27. c4 h5 28. Rfd2 Kf6 29. Ra3 Ke5 30. b4 cxb4 31. Ra5+ Kf6 32. Rxa7 Re1+ 33. Kg2 Rc1 34. Re2 Rf8 35. h4 Nc8 36. Rf7+ 1-0

[Event "Guarapari BRA"]
[Site "?"]
[Date "2006.05.23"]
[Round "1"]
[White "Rodriguez Andres"]
[Black "Bittencourt Jorge"]
[Result "0-1"]
[WhiteElo "2502"]
[BlackElo "2395"]
[PlyCount "154"]
[EventDate "2006.??.??"]
[Source "www.chesslib.no"]
[SourceDate "2004.05.04"]

1. f4 c5 2. Nf3 g6 3. g3 Bg7 4. Bg2 Nc6 5. O-O Nf6 6. d3 O-O 7. e4 d6 8. h3 b5 9. g4 a5 10. Qe1 Ba6 11. e5 dxe5 12. Nxe5 Nxe5 13. Bxa8 Nexg4 14. Bg2 Nh6 15. Nd2 Nf5 16. Ne4 b4 17. Kh2 Qc7 18. Qf2 Nxe4 19. Bxe4 Nd6 20. Bg2 c4 21. Rd1 cxd3 22. cxd3 Nf5 23. Be4 Bd4 24. Qf3 e6 25. Re1 Bf6 26. Qg2 Rd8 27. Rb1 Bd4 28. Qe2 Qb6 29. Rd1 Ne3 30. Re1 Nd5 31. Qf3 Bb7 32. Qg2 Qc7 33. Kh1 Qe7 34. Bd2 Qd7 35. b3 Qb5 36. Rbd1 Bg7 37. Bc1 Ba6 38. f5 exf5 39. Bf3 Nc3 40. Rd2 Bd4 41. Rc2 Qxd3 42. Bg5 f6 43. Rd2 Qb5 44. Be3 Qb6 45. Qf2 Bxe3 46. Qxe3 Rb8 47. Qxb6 Rxb6 48. Rd8+ Kg7 49. Re7+ Kh6 50. h4 g5 51. Rg8 gxh4 52. Rgg7 Bd3 53. Rxh7+ Kg5 54. Kg2 Be4 55. Kf2 Rd6 56. Reg7+ Kf4 57. Rxh4+ Ke5 58. Re7+ Kd4 59. Rh1 Kd3 60. Ra7 Rd5 61. Rh2 Nxa2 62. Be2+ Kc3 63. Ke3 Kxb3 64. Rc7 Nc3 65. Bc4+ Ka3 66. Ra7 Re5 67. Kd4 Nb5+ 68. Bxb5 Rxb5 69. Kc4 Re5 70. Rh3+ Ka4 71. Rd7 Bc2 72. Rh2 Re4+ 73. Kc5 b3 74. Rb7 Rb4 75. Rxb4+ axb4 76. Rh4 b2 77. Rxb4+ Ka3 0-1

[Event "Salou-A"]
[Site "Salou"]
[Date "2000.??.??"]
[Round "5"]
[White "Montell Lorenzo, Joan Carlos"]
[Black "Georgiev, Vladimir"]
[Result "0-1"]
[WhiteElo "2327"]
[BlackElo "2564"]
[PlyCount "84"]
[EventDate "2000.10.16"]
[Source "ChessBase"]
[SourceDate "2001.01.25"]

1. f4 c5 2. Nf3 Nc6 3. g3 g6 4. Bg2 Bg7 5. O-O Nf6 6. d3 O-O 7. e4 d6 8. Nc3 Bg4 9. h3 Bxf3 10. Rxf3 Nd7 11. g4 Nd4 12. Rg3 b5 13. g5 b4 14. Nd5 e6 15. Ne3 f6 16. f5 fxg5 17. fxg6 h6 18. Nc4 Ne5 19. Qh5 Qf6 20. Be3 Qxg6 21. Qd1 Nxc4 22. dxc4 Be5 23. Rg4 Rf7 24. c3 bxc3 25. bxc3 Nc6 26. Qd2 Raf8 27. Rf1 Rxf1+ 28. Bxf1 Qf6 29. Bg2 Bxc3 30. Qxd6 Ne5 31. Qxc5 Nxg4 32. hxg4 Rd8 33. Qxa7 Bd4 34. Qa3 Bxe3+ 35. Qxe3 Rd1+ 36. Kh2 Qe5+ 37. Kh3 Qd4 38. Qxd4 Rxd4 39. Bf1 Rxe4 40. Kg3 Re3+ 41. Kf2 Ra3 42. Be2 Kf7 0-1

[Event "CZE-chT 0304"]
[Site "CZE"]
[Date "2003.??.??"]
[Round "2"]
[White "Jakubiec, Artur"]
[Black "Nun, Jiri"]
[Result "1-0"]
[WhiteElo "2535"]
[BlackElo "2355"]
[PlyCount "57"]
[EventDate "2003.10.??"]
[Source "Roberto Alvarez"]
[SourceDate "2004.02.16"]

1. f4 b5 2. e3 Bb7 3. Nf3 b4 4. a3 c5 5. Be2 e6 6. O-O Nf6 7. Ne5 d6 8. Bb5+ Nbd7 9. Nxd7 Nxd7 10. d4 cxd4 11. exd4 bxa3 12. Rxa3 g6 13. c4 Be7 14. f5 exf5 15. Bh6 a6 16. Ba4 Qc7 17. Re1 Kd8 18. Rae3 Bf6 19. c5 d5 20. Nc3 Bc6 21. Kh1 Qb7 22. Bf4 Kc8 23. Nxd5 Bxd5 24. c6 Qb6 25. cxd7+ Kb7 26. Rc3 Rad8 27. Rc5 Be4 28. Rxe4 fxe4 29. Rc7+ 1-0

[Event "Oberliga Nord N 0001"]
[Site "?"]
[Date "2000.??.??"]
[Round "?"]
[White "Danielsen Henrik"]
[Black "Antonsen Mikkel"]
[Result "1-0"]
[WhiteElo "2515"]
[BlackElo "2375"]
[PlyCount "83"]
[EventDate "2000.??.??"]
[Source "www.chesslib.no"]
[SourceDate "2004.05.04"]

1. f4 g6 2. g3 Bg7 3. Bg2 c5 4. d3 Nc6 5. c3 e6 6. Nh3 Nge7 7. a4 d6 8. O-O O-O 9. e4 Rb8 10. Nd2 a6 11. Nf3 b5 12. axb5 axb5 13. Be3 b4 14. Qc2 Qb6 15. Rfc1 Bb7 16. Nf2 Ra8 17. g4 Rxa1 18. Rxa1 Rc8 19. Bd2 e5 20. f5 c4 21. dxc4 bxc3 22. Bxc3 Nd4 23. Qd3 Nec6 24. Bxd4 exd4 25. g5 Nb4 26. Qb3 gxf5 27. exf5 d3 28. f6 Bf8 29. Rf1 d5 30. Ne5 Qe3 31. Neg4 Qxg5 32. cxd5 h5 33. h4 Qxh4 34. Ne5 Qg3 35. Nc6 Nxc6 36. Qxb7 Nd4 37. Nh3 Rc2 38. d6 Bxd6 39. Ra1 Ne2+ 40. Kf1 Nf4 41. Ra8+ Bf8 42. Rxf8+ 1-0

[Event "Berliner Sommer 16th"]
[Site "Berlin"]
[Date "1998.??.??"]
[Round "2"]
[White "Vigus, James"]
[Black "Sturua, Zurab"]
[Result "0-1"]
[WhiteElo "2290"]
[BlackElo "2600"]
[PlyCount "82"]
[EventDate "1998.08.08"]
[Source "ChessBase"]
[SourceDate "1998.11.06"]

1. f4 g6 2. Nf3 Bg7 3. g3 c5 4. Bg2 Nc6 5. O-O e6 6. e4 Nge7 7. d3 O-O 8. c3 b6 9. Be3 a5 10. Bf2 a4 11. Re1 d6 12. d4 cxd4 13. cxd4 b5 14. Nc3 Ba6 15. g4 Rc8 16. Rc1 Na5 17. Bh4 f6 18. d5 e5 19. fxe5 dxe5 20. d6 Nec6 21. Bf2 Kh8 22. Nd5 Nc4 23. Nc7 Rxc7 24. dxc7 Qxc7 25. b3 axb3 26. axb3 N4a5 27. Be3 Bc8 28. h3 Be6 29. Qe2 Qb7 30. Rc5 Rb8 31. Bf1 Na7 32. Ra1 N5c6 33. Qb2 Bf8 34. Rcc1 Nc8 35. g5 Bg7 36. Rc5 Nd6 37. gxf6 Bxf6 38. Bd3 Nb4 39. Nxe5 Nxd3 40. Nxg6+ Kg7 41. Bd4 Nxe4 0-1

[Event "It (open)"]
[Site "Callao (Peru)"]
[Date "2007.08.11"]
[Round "5"]
[White "Rodriguez Vila A"]
[Black "Soto Jorge (PER)"]
[Result "1-0"]
[WhiteElo "2547"]
[BlackElo "2341"]
[PlyCount "47"]
[EventDate "2007.??.??"]
[Source "www.chesslib.no"]
[SourceDate "2004.05.04"]

1. f4 d6 2. Nf3 Bg4 3. e4 e5 4. Bc4 Nc6 5. O-O Nf6 6. Nc3 Nd4 7. d3 Be7 8. Be3 O-O 9. Qd2 Bxf3 10. gxf3 c6 11. Kh1 b5 12. Bb3 a5 13. a4 b4 14. Bxd4 exd4 15. Ne2 Qb6 16. Rg1 Kh8 17. Rg3 Nd7 18. f5 Bf6 19. Nf4 Be5 20. Rag1 Qd8 21. Rh3 Bxf4 22. Qxf4 Qf6 23. Rg4 h6 24. Rg6 1-0

[Event "Seefeld op 11th"]
[Site "?"]
[Date "2000.09.22"]
[Round "7"]
[White "Reefschlaeger Helmut"]
[Black "Miezis Normunds"]
[Result "0-1"]
[WhiteElo "2369"]
[BlackElo "2518"]
[PlyCount "77"]
[EventDate "2000.??.??"]
[Source "www.chesslib.no"]
[SourceDate "2004.05.04"]

1. f4 c5 2. Nf3 Nc6 3. e3 g6 4. Be2 Bg7 5. O-O d6 6. d4 cxd4 7. exd4 Qb6 8. c3 Nf6 9. Kh1 Bf5 10. Nbd2 Qc7 11. Nc4 h6 12. d5 Nb8 13. Nd4 Be4 14. Qa4+ Nbd7 15. Ne6 fxe6 16. dxe6 Qc6 17. exd7+ Kd8 18. Qxc6 bxc6 19. Nd2 Bc2 20. Nf3 Kxd7 21. Nd4 Be4 22. Bd2 Rhb8 23. b4 a5 24. a3 Rb7 25. Bc4 Bd5 26. Bd3 Ne4 27. Bxe4 Bxe4 28. Rae1 Bd5 29. Rf2 Bf6 30. Kg1 axb4 31. axb4 Ra2 32. Be3 Ra3 33. Rc1 Rb8 34. Ne2 Rxb4 35. cxb4 Rxe3 36. Rd1 Rb3 37. g4 Rxb4 38. h3 Rb3 39. f5 0-1

[Event "Corr"]
[Site "?"]
[Date "2000.09.25"]
[Round "?"]
[White "Soderberg Kai"]
[Black "Graudins Ilmars (LAT)"]
[Result "0-1"]
[WhiteElo "2434"]
[BlackElo "2452"]
[PlyCount "72"]
[EventDate "2000.??.??"]
[Source "www.chesslib.no"]
[SourceDate "2004.05.04"]

1. f4 g6 2. Nf3 Bg7 3. g3 d5 4. Bg2 Nc6 5. d3 Bg4 6. c3 Qd7 7. Qb3 O-O-O 8. Be3 Bh3 9. Bxh3 Qxh3 10. Na3 Nh6 11. Nc2 Rhe8 12. O-O-O e5 13. fxe5 Ng4 14. Bg5 Rd7 15. Rde1 Ngxe5 16. Nxe5 Rxe5 17. Bf4 Re6 18. Kb1 d4 19. cxd4 Nxd4 20. Nxd4 Bxd4 21. Qa3 Rb6 22. Bc1 Qh5 23. Qa4 Qe5 24. Qc2 Rd5 25. b3 Rc5 26. Qd1 Rxb3+ 27. Qxb3 Rb5 28. e3 Rxb3+ 29. axb3 Bc3 30. Rd1 f5 31. Rhf1 Qd5 32. Kc2 Qc5 33. Kb1 Bg7 34. Rf2 Qb4 35. Bb2 Qxb3 36. Kc1 Bh6 0-1

[Event "YUG-chT 52nd"]
[Site "?"]
[Date "2000.08.31"]
[Round "7"]
[White "Rakic Tomislav"]
[Black "Vukic Milan"]
[Result "0-1"]
[WhiteElo "2391"]
[BlackElo "2494"]
[PlyCount "104"]
[EventDate "2000.??.??"]
[Source "www.chesslib.no"]
[SourceDate "2004.05.04"]

1. f4 Nf6 2. Nf3 g6 3. b3 Bg7 4. Bb2 O-O 5. e3 d6 6. Be2 e5 7. fxe5 Ng4 8. O-O Nc6 9. e4 Bd7 10. h3 Ngxe5 11. d4 Nxf3+ 12. Bxf3 Qg5 13. Kh2 Rae8 14. c3 f5 15. Nd2 Qf4+ 16. Kh1 Bh6 17. Bc1 Qh4 18. e5 Bxd2 19. Qxd2 dxe5 20. dxe5 Qe7 21. Re1 Nd8 22. a4 Rf7 23. Ba3 Qh4 24. Bc5 b6 25. Bf2 Qe7 26. a5 Ne6 27. axb6 axb6 28. Ra7 Rd8 29. Qh6 Rc8 30. b4 Qe8 31. Bb7 Rb8 32. Bd5 Bc6 33. Bb3 Rd7 34. Bd4 Bd5 35. Bxd5 Rxd5 36. Bf2 Qc6 37. Qe3 Qc4 38. Rc1 Rd3 39. Qe1 Rbd8 40. Bd4 Qc6 41. Kh2 f4 42. Ra2 Rg3 43. Rf2 Rg5 44. Rcc2 h5 45. Qf1 Rf5 46. h4 Rdf8 47. Qd3 Qd7 48. b5 Qe7 49. g3 Kh7 50. Kh3 Qd7 51. Kh2 fxg3+ 52. Kxg3 Rf4 0-1

[Event "Akropolis-t/SW,22,17"]
[Site "Akropolis-t/SW,22,17"]
[Date "1988.??.??"]
[Round "?"]
[White "Makropoulos, Georgios"]
[Black "Skembris, Spyridon"]
[Result "0-1"]
[WhiteElo "2460"]
[BlackElo "2425"]
[PlyCount "63"]
[EventDate "1988.??.??"]
[Source "www.chesslib.no"]
[SourceDate "2004.05.04"]

1. f4 Nf6 2. b3 b6 3. Bb2 Bb7 4. e3 e6 5. Nf3 c5 6. Be2 Be7 7. O-O O-O 8. Qe1 Ne8 9. g4 Nc6 10. a3 Bf6 11. Nc3 g6 12. Qg3 d5 13. Qh3 Nd6 14. Ng5 Bxg5 15. fxg5 d4 16. Qh6 dxc3 17. Bxc3 e5 18. Bd3 Qd7 19. Rf6 Qxg4+ 20. Kf2 Nd4 21. Rg1 Ne4+ 22. Bxe4 Qe2+ 23. Kg3 Bxe4 24. exd4 exd4 25. Rf2 Qb5 26. Rf4 Qc6 27. Rh4 Qc7+ 28. Kf2 f5 29. Bb2 Rae8 30. d3 Ba8 31. Re1 Qb7 32. Rxe8 0-1

[Event "Corr"]
[Site "?"]
[Date "2002.05.08"]
[Round "?"]
[White "Kerr Stephen G.R"]
[Black "Pappier Carlos German"]
[Result "0-1"]
[WhiteElo "2514"]
[BlackElo "2367"]
[PlyCount "146"]
[EventDate "2002.??.??"]
[Source "www.chesslib.no"]
[SourceDate "2004.05.04"]

1. f4 g6 2. Nf3 Bg7 3. e3 Nh6 4. Be2 O-O 5. O-O d5 6. d3 c5 7. c3 Nc6 8. d4 b6 9. Na3 Bb7 10. Nc2 Nf5 11. Bd2 e6 12. Be1 Nd6 13. Bh4 Qc8 14. Ne5 f6 15. Nxc6 Bxc6 16. Ne1 Qe8 17. Nd3 Ne4 18. Bf3 Bb5 19. a4 Ba6 20. Be2 Qc6 21. Nf2 Bxe2 22. Qxe2 Nd6 23. Nh1 Rae8 24. a5 b5 25. Rad1 Rb8 26. Rc1 c4 27. Rfe1 Qc7 28. Ng3 f5 29. a6 b4 30. Qd2 Rb6 31. Ra1 Rfb8 32. Ra2 Kf7 33. h3 Bf8 34. Kh2 bxc3 35. bxc3 Rb3 36. Rc1 Nb5 37. Ne2 Ba3 38. Rca1 Rb6 39. Bg5 Kg7 40. Qc2 Qd6 41. Bh4 Bb2 42. Qxb2 Rxb2 43. Rxb2 Nc7 44. Rc2 Qf8 45. Ng1 Rxa6 46. Rb1 Rb6 47. Ra1 Qb8 48. Nf3 Kf7 49. Ne5+ Ke8 50. Ra5 Nb5 51. Ra1 Qb7 52. Rca2 a6 53. Rc1 Nd6 54. Rca1 Ne4 55. Ra3 Rd6 56. R1a2 Kf8 57. Ra1 Kg7 58. R1a2 h6 59. Nf3 Rb6 60. Bd8 Rb2 61. Rxb2 Qxb2 62. Rxa6 Nd2 63. Nxd2 Qxd2 64. Rxe6 Qxc3 65. Bh4 Qd2 66. Re7+ Kf8 67. Re5 c3 68. Be7+ Kf7 69. Bb4 Qb2 70. Re7+ Kf6 71. Rb7 g5 72. Rb6+ Kf7 73. Rb7+ Kg6 0-1

[Event "DEN-chT 9899"]
[Site "?"]
[Date "1998.11.01"]
[Round "1"]
[White "Danielsen Henrik"]
[Black "Christensen Tobias"]
[Result "1-0"]
[WhiteElo "2510"]
[BlackElo "2370"]
[PlyCount "43"]
[EventDate "1998.??.??"]
[Source "www.chesslib.no"]
[SourceDate "2004.05.04"]

1. f4 g6 2. d3 Bg7 3. g3 Nc6 4. Bg2 e5 5. Nc3 Nf6 6. e4 O-O 7. Nge2 Qe7 8. O-O Qc5+ 9. Kh1 d6 10. h3 b5 11. a3 a5 12. f5 Bd7 13. g4 b4 14. Nd5 Nxd5 15. exd5 Nd4 16. f6 Nxc2 17. fxg7 Kxg7 18. axb4 axb4 19. Rxa8 Rxa8 20. Qd2 Nd4 21. Qh6+ Kg8 22. Rxf7 1-0

[Event "Capablanca mem-B"]
[Site "Cuba"]
[Date "1993.??.??"]
[Round "1"]
[White "Gonzalez, Bernal M"]
[Black "Hergott, Deen"]
[Result "0-1"]
[WhiteElo "2430"]
[BlackElo "2450"]
[PlyCount "60"]
[EventDate "1993.??.??"]
[Source "ChessBase"]

1. f4 c5 2. Nf3 b6 3. e4 Bb7 4. Bc4 e6 5. Nc3 a6 6. d4 b5 7. Bd3 cxd4 8. Nxd4 Bc5 9. Nb3 Bb6 10. Qe2 Nf6 11. e5 Nd5 12. Ne4 O-O 13. Nd6 Bc6 14. Bd2 a5 15. Bxb5 a4 16. Nc1 a3 17. Rb1 f6 18. c4 Ne7 19. Nd3 axb2 20. c5 Bc7 21. Rxb2 fxe5 22. Nxe5 Bxb5 23. Nxb5 Bxe5 24. Qxe5 Rf5 25. Qe4 Na6 26. Nd6 Nxc5 27. Qf3 Rd5 28. Nc4 Nd3+ 29. Kd1 Nxb2+ 30. Nxb2 Rxa2 0-1

[Event "Mirko Srajber mem 8th"]
[Site "Subotica"]
[Date "2003.11.29"]
[Round "2"]
[White "Drazic, Sinisa"]
[Black "Colovic, Aleksandar"]
[Result "1/2-1/2"]
[WhiteElo "2467"]
[BlackElo "2412"]
[PlyCount "26"]
[EventDate "2003.11.06"]
[Source "ChessBase"]
[SourceDate "2004.03.30"]

1. f4 b6 2. e4 Bb7 3. Nc3 e6 4. a3 c5 5. Nf3 d6 6. g3 Be7 7. Bg2 Qc7 8. O-O Nf6 9. d3 O-O 10. Be3 Re8 11. Qd2 Nc6 12. Kh1 Rad8 13. Rae1 Bf8 1/2-1/2

[Event "Groningen Open"]
[Site "Groningen NED"]
[Date "1991.??.??"]
[Round "7"]
[White "Savchenko, Stanislav"]
[Black "Hoeksema, Hendrik Pieter"]
[Result "1-0"]
[WhiteElo "2485"]
[BlackElo "2390"]
[PlyCount "79"]
[EventDate "1991.12.??"]
[Source "www.chesslib.no"]
[SourceDate "2004.05.04"]

1. f4 Nf6 2. Nf3 g6 3. g3 b6 4. Bg2 Bb7 5. O-O Bg7 6. d3 d5 7. h3 O-O 8. Qe1 Nbd7 9. g4 Re8 10. Nc3 Nc5 11. Qg3 Qd6 12. Nb5 Qd7 13. Nbd4 Ne6 14. Nxe6 Qxe6 15. f5 Qd6 16. Qf2 e5 17. fxe6 fxe6 18. Qh4 e5 19. Bh6 Qf8 20. Bg5 h6 21. Bxh6 Bxh6 22. g5 Nh5 23. gxh6 Qf4 24. Qg5 Qxg5 25. Nxg5 Re7 26. e3 c5 27. Rf2 d4 28. Bxb7 Rxb7 29. Re1 Re7 30. exd4 cxd4 31. Rfe2 Rae8 32. Rxe5 Rxe5 33. Rxe5 Rxe5 34. h7+ Kg7 35. h8=Q+ Kxh8 36. Nf7+ Kg7 37. Nxe5 Nf4 38. Kh2 Ne6 39. Nc6 a5 40. a4 1-0